000
00290nam a22001337a 4500
008
180116b xxu||||| |||| 00| 0 eng d
020
_a
0874847087
041
_a
eng
080
_a
316
100
_a
50
101
_a
SOC
245
_a
Women in american society
_c
Sapiro,V
942
_2
udc
_c
BK
999
_c
40376
_d
40376